Score 0/20 Timer 05:00
1 Play Today
Question Answer Wrong Answers
Charles Dickens Middlemarch
65%
Great Expectations
15%
Little Dorrit
5.2%
Hard Times
5.7%
Salman Rushdie The Satanic Verses
60.8%
The Kite Runner
16.9%
The God of Small Things
5.1%
The Alchemist
7.4%
John Steinbeck East of Eden
60.3%
All the King's Men
7.2%
For Whom the Bell Tolls
13%
The Magnificent Ambersons
10.1%
Jules Verne Journey to the Center of the Earth
55.7%
The War of the Worlds
6.8%
Stranger in a Strange Land
7.6%
Brave New World
20.6%
Thomas Hardy Washington Square
53.6%
The Return of the Native
9.7%
Far from the Madding Crowd
16.1%
Jude the Obscure
10.6%
John Grisham The Stand
50.6%
The Client
5.2%
The Firm
8.7%
The Testament
25.8%
Kurt Vonnegut A Confederacy of Dunces
49.5%
Mother Night
15.6%
Slaughterhouse-Five
20.2%
Cat's Cradle
4.9%
John Irving The Cider House Rules
47.9%
Wonder Boys
10.1%
The Bonfire of the Vanities
20%
Falling Man
11.6%
Agatha Christie Well-Schooled in Murder
46.4%
Death on the Nile
16%
The Murder at the Vicarage
6.2%
Evil Under the Sun
21.9%
Gabriel García Márquez The House of the Spirits
44.8%
Chronicle of a Death Foretold
22.5%
Love in the Time of Cholera
9.8%
One Hundred Years of Solitude
12.8%
Margaret Atwood The Casual Vacancy
44.7%
The Handmaid's Tale
29.6%
Oryx and Crake
10.1%
The Blind Assassin
5.9%
Aleksandr Solzhenitsyn One Day in the Life of Ivan Denisovich
43.5%
The Death of Ivan Ilych
10.9%
The Brothers Karamazov
12.8%
Doctor Zhivago
22.5%
Robert Ludlum The Bourne Identity
42.8%
The Fourth Protocol
8.8%
The Ipcress File
13.7%
The Modigliani Scandal
24.2%
Toni Morrison The Bluest Eye
42.1%
The Temple of My Familiar
9.2%
Waiting to Exhale
20.4%
The Bonesetter's Daughter
17.9%
Albert Camus Beneath the Wheel
41.4%
The Stranger
22.2%
The Plague
9.8%
The Myth of Sisyphus
16.1%
Philip Roth American Pastoral
36.5%
Frannie and Zooey
20.1%
Herzog
16.1%
Gravity's Rainbow
16.5%
E. M. Forster A Room with a View
35.6%
The Wings of the Dove
19.3%
The Age of Innocence
20.5%
The Remains of the Day
14.3%
Willa Cather The Prairie
33.6%
My Ántonia
14.2%
O Pioneers!
11.8%
Death Comes for the Archbishop
29.7%
Nathaniel Hawthorne The Bostonians
32.8%
The Scarlet Letter
31.5%
The House of Seven Gables
8%
The Marble Faun
18%
Dashiell Hammett The Maltese Falcon
32.3%
The Big Sleep
12.6%
Double Indemnity
13.7%
The Postman Always Rings Twice
30.6%
Remove Ads.
Support Sporcle.
Get the best of Sporcle when you Go Orange. This ad-free experience offers more features, more stats, and more fun while also helping to support Sporcle. Thank you for becoming a member.

You're not logged in!

Compare scores with friends on all Sporcle quizzes.
OR
Log In

Show Comments

Extras

Top Quizzes Today


Score Distribution

Your Account Isn't Verified!

In order to create a playlist on Sporcle, you need to verify the email address you used during registration. Go to your Sporcle Settings to finish the process.

Report this User

Report this user for behavior that violates our Community Guidelines.

Details: